000 01252nam a2200265Ia 4500
999 _c4355
_d4355
003 OSt
005 20200328001810.0
008 191128s1980 sp a gr 001 0 spa d
020 _a842062196X
040 _aCO-JMCR
_cCO-JMCR
041 0 _aspa
082 0 4 _a320.12 /
_bG171t
_221
100 1 _aGarcía Pelayo, Manuel,
_eautor
_92049
245 1 4 _aLas transformaciones del estado contemporáneo /
_cManuel García Pelayo
250 _aSegunda edición
260 _aMadrid :
_bAlianza,
_c1980
300 _a189 páginas :
_bilustraciones a blanco y negro ;
_c19 cm.
490 0 _aAlianza universidad
500 _aIncluye índice analítico.
505 0 _aEstado social y sus implicaciones -- Sociedad organizacional y sistema político -- Las organizaciones de intereses y la teoría constitucional -- Sociedad y política transnacionales -- El crecimiento de la complejidad estatal
520 _aSe reúnen en el presente volumen cinco trabajos de contenido distitno, pero convergentes en el estudio de las transformaciones de la idea y de la praxis del Estado de nuestro tiempo, especialmente en las sociedades occidentales desarrolladas.
650 1 4 _aEstado y sociedad
_91954
650 1 4 _aDerecho y sociedad
_92050
942 _2ddc
_cBK